000 00379nam a2200109Ia 4500
008 171211s9999 xx 000 0 und d
245 _aCorporate Information Strategy and Management (7th Edition)
245 _cF. Warren McFarlan, Lynda Applegate, and Robert Austin
260 _c2005
650 _xINFORMATION TECHNOLOGIES
856 _uhttp://down.ebook777.com/064/0072947756.pdf
999 _c349695
_d349695